| 000 | 00517nam a2200169Ia 4500 | ||
|---|---|---|---|
| 008 | 090711s9999 xx 000 0 und d | ||
| 082 | _b68445 | ||
| 100 | _aसाठये श. म. | ||
| 245 | _aआरोग्यकुंडली | ||
| 260 |
_bघरकुल प्रकाशन _c1991 |
||
| 300 | _a76 | ||
| 600 | _aसाठये श. म. | ||
| 630 | _aआरोग्यकुंडली | ||
| 700 | _aसाठये श. म. | ||
| 730 | _aआरोग्यकुंडली | ||
| 942 | _cBOOK | ||
| 999 |
_c308139 _d308139 |
||